| 000 | 00551nam a2200181Ia 4500 | ||
|---|---|---|---|
| 005 | 20250423095340.0 | ||
| 008 | 250422s9999 xx 000 0 und d | ||
| 020 | _a0781728770 | ||
| 050 | _aRJ 251 .E46/ | ||
| 100 | _aEmmett, Gary A. | ||
| 245 | 0 | _aField guide to the normal newborn | |
| 260 | _aPhiladelphia, Pennsylvania | ||
| 260 | _bLippincott Williams & Wilkins | ||
| 260 | _c2004 | ||
| 300 | _a266 p | ||
| 650 | _aNeonatology. Perinatal Care--methods. Infant Care--methods. Infant, Newborn, Diseases. Neonatal Screening. | ||
| 942 | _cBK | ||
| 999 |
_c30002 _d30002 |
||